01098nam a22001937a 4500003001700000005001700017008004100034020001800075040000700093041001200100082001600112100002100128245002600149260004500175300002700220365005400247520057800301650002500879St Aloysius Coll20260130123339.0251128b |||||||| |||| 00| 0 eng d a9780199498741 cAL aEnglish a620.8bSURB aSuraishkumar G K aBiology for engineers aNew DelhibOxford University Pressc2019 avii,221pbPBc24x18cm. 2GeneralaXNRF-1358090c₹f13/11/2025b₹372.00 aAdopts a narrative presentation to ensure ease of learning for students from varied engineering streams Provides reflection points interspersed in every chapter to kindle further interest in the students' mind Includes additional information at the end of each chapter to encourage deeper and wider learning Provides chapter-end multiple-choice questions (MCQs) for summative assessment of learnt concepts Includes glossary of key terms Contains appendices discussion topics, such as Gram Staining, Glycolysis, Derivation of the Michaelis-Menten equation, and Genetic Modi. 2BiologyaEngineering